[Event "26682 - Championnat de France - Open D"]
[Site "NANCY"]
[Date "2013.08.18"]
[Round "6.7"]
[White "Lopez, Charles"]
[Black "Bertru, Yann-Erik"]
[Result "1-0"]
[WhiteElo "1428"]
[BlackElo "1470"]
[PlyCount "53"]
[EventDate "2013.??.??"]

1. d4 Nf6 2. c4 c5 3. d5 d6 4. Nc3 Bg4 5. Nf3 g6 6. Nh4 Bd7 7. Qc2 Bg7 8. e4 e6
9. Be2 exd5 10. cxd5 Ng4 11. Nf3 Ne5 12. Nb5 Nxf3+ 13. gxf3 Qb6 14. a4 a5 15.
Na3 Na6 16. Nc4 Nb4 17. Qd1 Qc7 18. Bf4 Ra6 19. e5 Bxe5 20. Nxe5 dxe5 21. Bxa6
Nxd5 22. Bh6 Nb4 23. Bc4 Bf5 24. O-O Bh3 25. Re1 Qc6 26. Rxe5+ Be6 27. Bb5 1-0

[Event "26682 - Championnat de France - Open D"]
[Site "NANCY"]
[Date "2013.08.18"]
[Round "6.8"]
[White "Couve, Mathieu"]
[Black "Moryoussef, Gabriel"]
[Result "1-0"]
[WhiteElo "1425"]
[BlackElo "1467"]
[PlyCount "158"]
[EventDate "2013.??.??"]

1. e4 e6 2. d4 d5 3. Nd2 Nf6 4. e5 Nfd7 5. Ngf3 c5 6. c3 Nc6 7. a3 Qa5 8. Be2
Be7 9. O-O O-O 10. Nb3 Qc7 11. Bf4 c4 12. Nbd2 f6 13. exf6 Qxf4 14. fxe7 Nxe7
15. Re1 Ng6 16. Qc1 e5 17. Nf1 Qf6 18. Qg5 e4 19. Qxd5+ Kh8 20. Qxe4 Nb6 21.
Qc2 Bg4 22. h3 Bxf3 23. Bxf3 Rab8 24. Be4 Nf4 25. Re3 Rf7 26. Rf3 Qg5 27. Rg3
Qh5 28. Bf3 Qh6 29. Ne3 Rbf8 30. Ng4 Qd6 31. Ne5 Rf6 32. Bxb7 Nfd5 33. Rf3 Rxf3
34. Nxf3 Nf4 35. Re1 Nd3 36. Re3 Nf4 37. Ng5 g6 38. Re8 Qf6 39. Rxf8+ Qxf8 40.
Qe4 Nd3 41. Qf3 Qxf3 42. Nxf3 Nxb2 43. Ne5 N2a4 44. Ba6 Nxc3 45. Nxc4 Ne2+ 46.
Kf1 Nxd4 47. Nxb6 axb6 48. a4 Kg7 49. f3 Kf6 50. Kf2 Ke6 51. g4 Ke5 52. Kg3 g5
53. Bd3 h6 54. Ba6 Kd5 55. f4 Kc5 56. fxg5 hxg5 57. h4 gxh4+ 58. Kxh4 Kb4 59.
Bb5 Kc5 60. Kh5 Kd6 61. g5 Ne6 62. Kh6 Nxg5 63. Kxg5 Ke5 64. Kg4 Ke4 65. Kg3
Ke3 66. Kg2 Ke4 67. Kf2 Kd4 68. Kf3 Kd5 69. Ke3 Kc5 70. Ke4 Kd6 71. Kf5 Kd5 72.
Kf6 Kd6 73. Kf7 Kd5 74. Ke7 Ke5 75. Kd7 Kd5 76. Kc7 Kc5 77. Kb7 Kd6 78. Kxb6
Ke7 79. a5 Kd8 1-0

[Event "26682 - Championnat de France - Open D"]
[Site "NANCY"]
[Date "2013.08.18"]
[Round "6.9"]
[White "Saint-Sulpice, Xavier"]
[Black "De Talance, Stephane"]
[Result "0-1"]
[WhiteElo "1460"]
[BlackElo "1402"]
[PlyCount "70"]
[EventDate "2013.??.??"]

1. d4 Nf6 2. c4 e6 3. Nc3 d5 4. Bg5 Nbd7 5. e3 c6 6. Nf3 Qa5 7. a3 dxc4 8. Bxf6
Nxf6 9. Ne5 Ne4 10. Qc1 Nxc3 11. Qxc3 Qd5 12. Qxc4 Bd6 13. Nf3 O-O 14. Be2 Re8
15. O-O b6 16. Rfd1 Bb7 17. Qxd5 cxd5 18. Rac1 Rac8 19. Nd2 Re7 20. Rxc8+ Bxc8
21. Rc1 Rc7 22. Rxc7 Bxc7 23. b4 a6 24. Nb3 Bd6 25. f4 f6 26. g3 e5 27. Kf2 Kf7
28. Bd3 e4 29. Be2 g5 30. fxg5 fxg5 31. g4 Bxh2 32. b5 axb5 33. Bxb5 Bxg4 34.
Kg2 Bd6 35. a4 h5 0-1

[Event "26682 - Championnat de France - Open D"]
[Site "NANCY"]
[Date "2013.08.18"]
[Round "6.10"]
[White "Bruneteau, Damien"]
[Black "Perrin, Thomas"]
[Result "0-1"]
[WhiteElo "1458"]
[BlackElo "1352"]
[PlyCount "82"]
[EventDate "2013.??.??"]

1. d4 d5 2. c4 e6 3. Nc3 c5 4. cxd5 exd5 5. Nf3 Nf6 6. g3 Nc6 7. Bg2 g6 8. O-O
Bg7 9. dxc5 O-O 10. Rb1 Bf5 11. Ra1 Qd7 12. a3 Rfd8 13. e3 Bh3 14. b4 Bxg2 15.
Kxg2 Ng4 16. Nd4 Nxd4 17. exd4 Re8 18. Bf4 Nh6 19. Qd2 Nf5 20. Ne2 Qe7 21. Rae1
Qe4+ 22. f3 Ne3+ 23. Bxe3 Qxe3 24. Qa2 Rad8 25. Qa1 Qd2 26. Kh1 Rxe2 27. Rxe2
Qxe2 28. Qe1 Qxe1 29. Rxe1 Bxd4 30. Re7 Rb8 31. Rd7 Bb2 32. a4 Ba3 33. b5 Bxc5
34. Rxd5 Bb6 35. Rd7 Kf8 36. Kg2 Ke8 37. Rd2 Bc5 38. g4 Rd8 39. Re2+ Be7 40.
Re4 Rd2+ 41. Kh3 Kf8 0-1

[Event "Championnat de France - Open D"]
[Site "NANCY"]
[Date "2013.08.19"]
[Round "7.1"]
[White "Kneib, Bernard"]
[Black "Venard, Gautier"]
[Result "1-0"]
[WhiteElo "1486"]
[BlackElo "1381"]
[PlyCount "115"]
[EventDate "2013.??.??"]

1. e4 e6 2. d3 d5 3. Nd2 c5 4. Ngf3 Nc6 5. g3 Nf6 6. Bg2 Be7 7. Qe2 O-O 8. O-O
b6 9. Re1 Re8 10. e5 Nd7 11. c3 f6 12. exf6 Bxf6 13. Nf1 Nf8 14. h4 h6 15. N1h2
e5 16. Nd2 Ba6 17. Ng4 e4 18. Nxf6+ Qxf6 19. Qh5 Re5 20. Qg4 Bxd3 21. f4 exf3
22. Nxf3 Rxe1+ 23. Nxe1 Bc4 24. Nf3 Be2 25. Bf4 Rd8 26. Re1 Bxf3 27. Bxf3 Qg6
28. Kf2 Qxg4 29. Bxg4 Ng6 30. Bc7 Rf8+ 31. Kg2 d4 32. Re6 dxc3 33. bxc3 Rf6 34.
Re8+ Kf7 35. Re3 Na5 36. Re4 Rc6 37. Bb8 a6 38. h5 Nf8 39. Rf4+ Kg8 40. Re4 Kf7
41. Rf4+ Kg8 42. Bf3 Rc8 43. Bd5+ Kh8 44. Bd6 Nd7 45. Rf7 Nf6 46. Bf3 Nc4 47.
Bf4 Kg8 48. Re7 Rd8 49. Be2 Na5 50. Bxa6 Nxh5 51. Be3 Nf6 52. c4 Ng4 53. Bf4
Rd4 54. Bc8 Nf6 55. Be6+ Kh8 56. Kh3 Nxc4 57. Rb7 Re4 58. Rb8+ 1-0

[Event "Championnat de France - Open D"]
[Site "NANCY"]
[Date "2013.08.19"]
[Round "7.2"]
[White "Lasmar, Lyes"]
[Black "Mautin, Arthur"]
[Result "0-1"]
[WhiteElo "1459"]
[BlackElo "1468"]
[PlyCount "60"]
[EventDate "2013.??.??"]

1. e4 e5 2. Nf3 Nc6 3. Bc4 Bc5 4. d3 h6 5. O-O d6 6. Nc3 Bg4 7. Be3 Nd4 8. Na4
Qf6 9. Bxd4 Bxd4 10. c3 Bb6 11. Nxb6 axb6 12. Re1 Ne7 13. Re3 O-O 14. Qb3 Be6
15. Nd2 Nc6 16. Qc2 Na5 17. Rf3 Qh4 18. Bb3 Nxb3 19. Nxb3 f5 20. Re3 f4 21.
Ree1 Qg5 22. f3 h5 23. d4 h4 24. Kf1 h3 25. d5 Bd7 26. c4 Rf6 27. Qf2 Rg6 28.
Re2 Qh5 29. Qe1 hxg2+ 30. Rxg2 Bh3 0-1

[Event "Championnat de France - Open D"]
[Site "NANCY"]
[Date "2013.08.19"]
[Round "7.3"]
[White "De Talance, Stephane"]
[Black "Bellahcene, Anissa"]
[Result "0-1"]
[WhiteElo "1402"]
[BlackElo "1470"]
[PlyCount "68"]
[EventDate "2013.??.??"]

1. d4 d5 2. Nf3 Nf6 3. c4 e6 4. Nc3 c6 5. e3 Nbd7 6. Bd3 dxc4 7. Bxc4 b5 8. Bd3
a6 9. a3 c5 10. O-O Bb7 11. Re1 Be7 12. b4 cxb4 13. axb4 Bxb4 14. Bd2 Rc8 15.
Na2 Bxd2 16. Nxd2 O-O 17. Nb4 a5 18. Nc2 b4 19. Nc4 b3 20. N2a3 a4 21. Nb2 Nb6
22. Qd2 Nfd5 23. Rec1 Qg5 24. Bf1 Qe7 25. Bb5 Rxc1+ 26. Qxc1 Rc8 27. Qd2 Nc3
28. Bd3 Qg5 29. Bf1 Ncd5 30. h3 Qe7 31. Bd3 Nb4 32. Bf1 Nc2 33. Nac4 Nxc4 34.
Nxc4 Nxa1 0-1

[Event "Championnat de France - Open D"]
[Site "NANCY"]
[Date "2013.08.19"]
[Round "7.4"]
[White "Fornes, Paul"]
[Black "Navrotescu, Vlad-Andrei"]
[Result "0-1"]
[WhiteElo "1443"]
[BlackElo "1383"]
[PlyCount "58"]
[EventDate "2013.??.??"]

1. d4 Nf6 2. Nf3 e6 3. Bg5 Be7 4. Nbd2 O-O 5. e3 b6 6. Bd3 Bb7 7. O-O c5 8. c3
Nc6 9. Qc2 h6 10. Bh4 Rc8 11. dxc5 bxc5 12. Nc4 d5 13. Rfd1 dxc4 14. Bh7+ Nxh7
15. Rxd8 Rfxd8 16. Bxe7 Nxe7 17. Ne5 Ba6 18. Qe4 Ng5 19. Qh4 Nf5 20. Qf4 Ne7
21. h4 Nd5 22. Qg4 Nf6 23. Qf4 Nge4 24. f3 Nd2 25. g4 Rd5 26. Kf2 Rcd8 27. g5
Nh5 28. Qxf7+ Kh8 29. Qxe6 Bc8 0-1

[Event "Championnat de France - Open D"]
[Site "NANCY"]
[Date "2013.08.19"]
[Round "7.5"]
[White "Adrian, Louise"]
[Black "Benezra, David"]
[Result "1/2-1/2"]
[WhiteElo "1376"]
[BlackElo "1440"]
[PlyCount "92"]
[EventDate "2013.??.??"]

1. d4 Nf6 2. c4 g6 3. Nf3 Bg7 4. Nc3 d6 5. e4 O-O 6. Be2 e5 7. d5 Na6 8. O-O
Nc5 9. Qc2 a5 10. Rb1 Nfd7 11. b3 f5 12. a3 Nf6 13. Bg5 h6 14. Bxf6 Qxf6 15. b4
axb4 16. axb4 Nxe4 17. Nxe4 fxe4 18. Nd2 Bf5 19. Nxe4 Bxe4 20. Qxe4 Qf5 21.
Qxf5 gxf5 22. c5 Ra2 23. Bc4 Rc2 24. Bb3 Rc3 25. Rfc1 e4 26. cxd6 cxd6 27. Rxc3
Bxc3 28. b5 b6 29. Rc1 Rc8 30. Kf1 Rc5 31. Ke2 Be5 32. Rxc5 dxc5 33. d6+ Kf8
34. Be6 f4 35. d7 Ke7 36. g3 Bc7 37. Bf5 e3 38. fxe3 fxg3 39. hxg3 Bxg3 40. Kf3
Be5 41. Ke4 Bc7 42. Kd5 h5 43. e4 h4 44. e5 Bd8 45. e6 Bc7 46. Bh3 Bd8 1/2-1/2

[Event "Championnat de France - Open D"]
[Site "NANCY"]
[Date "2013.08.19"]
[Round "7.6"]
[White "Perrin, Thomas"]
[Black "Lopez, Charles"]
[Result "0-1"]
[WhiteElo "1352"]
[BlackElo "1428"]
[PlyCount "128"]
[EventDate "2013.??.??"]

1. e4 c6 2. d4 d5 3. Nc3 dxe4 4. Nxe4 Bf5 5. Nc5 b6 6. Nb3 Nf6 7. Bf4 e6 8. c3
Nbd7 9. Nf3 h6 10. Nc1 c5 11. Bd3 Bxd3 12. Nxd3 cxd4 13. cxd4 Nd5 14. Bg3 Rc8
15. O-O Be7 16. Qd2 O-O 17. Rac1 N7f6 18. Nde5 Ne4 19. Qe2 Nxg3 20. fxg3 Nb4
21. a3 Nd5 22. Nc6 Qd6 23. Nxa7 Rxc1 24. Rxc1 Nc7 25. Nc6 Bf6 26. Nce5 Ra8 27.
Rc6 Qd8 28. Rxb6 Bxe5 29. Qxe5 Nd5 30. Rb3 Qc8 31. Qe1 Qc2 32. Nd2 Rd8 33. Rb7
Nf6 34. Nf3 Ne4 35. Rb5 f6 36. h3 e5 37. d5 Nd6 38. Rb4 Nc4 39. Qc3 Qxc3 40.
bxc3 Nxa3 41. c4 Nc2 42. Rb2 Ne3 43. Nd2 Kf8 44. Rb3 Nc2 45. Rc3 Nd4 46. Kh2
Ke7 47. Nf3 Kd6 48. Nxd4 exd4 49. Rc1 Kc5 50. Kg1 Ra8 51. Kf2 Ra3 52. g4 g6 53.
Ke2 Kd6 54. Kd2 Kc5 55. g3 Rxg3 56. Rb1 Rxh3 57. Rb5+ Kd6 58. Rb6+ Ke7 59. c5
Rc3 60. Rb7+ Kd8 61. c6 Kc8 62. d6 Rxc6 63. d7+ Kd8 64. Kd3 Rd6 0-1

[Event "Championnat de France - Open D"]
[Site "NANCY"]
[Date "2013.08.19"]
[Round "7.7"]
[White "Perrin, Sophie"]
[Black "Couve, Mathieu"]
[Result "0-1"]
[WhiteElo "1444"]
[BlackElo "1425"]
[PlyCount "146"]
[EventDate "2013.??.??"]

1. d4 Nf6 2. c4 g6 3. Nc3 d5 4. cxd5 Nxd5 5. Bd2 Bg7 6. e4 Nxc3 7. Bxc3 O-O 8.
Nf3 Bg4 9. Be2 a6 10. a4 Nd7 11. O-O c5 12. d5 Bxc3 13. bxc3 Nf6 14. Nd2 Bd7
15. Qb3 Rb8 16. a5 b5 17. axb6 Rxb6 18. Qa3 Qc7 19. Rab1 Bb5 20. Qa5 Bxe2 21.
Qxb6 Qxb6 22. Rxb6 Bxf1 23. Kxf1 Ra8 24. Rc6 a5 25. Rxc5 a4 26. Rb5 a3 27. Rb1
Nd7 28. Ra1 a2 29. Nb3 Rb8 30. Nd2 Rb2 31. Ke2 Nc5 32. Ke3 Rxd2 33. Kxd2 Nb3+
34. Kc2 Nxa1+ 35. Kb2 Nc2 36. Kxa2 Kf8 37. Kb3 Ne1 38. g3 Nf3 39. Kc2 Nxh2 40.
Kd2 Ng4 41. Ke2 Nf6 42. Ke3 Ke8 43. Kd4 Kd7 44. c4 Kc7 45. c5 Ne8 46. e5 h5 47.
d6+ exd6 48. exd6+ Nxd6 49. cxd6+ Kxd6 50. f4 Ke6 51. Ke4 f6 52. f5+ Kf7 53.
Kf4 g5+ 54. Kf3 Ke7 55. g4 h4 56. Kf2 Kd6 57. Kg2 Ke5 58. Kf3 Kd4 59. Kg2 Ke3
60. Kh3 Kf4 61. Kh2 Kxg4 62. Kg2 h3+ 63. Kh2 Kh4 64. Kh1 g4 65. Kg1 g3 66. Kf1
Kg4 67. Kg1 Kxf5 68. Kf1 Ke4 69. Kg1 f5 70. Kf1 f4 71. Kg1 f3 72. Kh1 Ke3 73.
Kg1 f2+ 0-1

[Event "Championnat de France - Open D"]
[Site "NANCY"]
[Date "2013.08.19"]
[Round "7.8"]
[White "Pedarrieu, Gerard"]
[Black "Capone, Florian"]
[Result "0-1"]
[WhiteElo "1496"]
[BlackElo "1467"]
[Annotator "Rivier,Sylvain"]
[PlyCount "101"]
[EventDate "2013.??.??"]

1. e4 b6 2. Nc3 Bb7 3. Bc4 g6 4. d3 Bg7 5. Nf3 e6 6. Bb3 Ne7 7. Bf4 d6 8. Qd2
Nd7 9. Bh6 Bxh6 10. Qxh6 Nc6 11. Nb5 a6 12. Nc3 Qf6 13. Qg5 Qxg5 14. Nxg5 h6
15. Nf3 O-O-O 16. Nd2 Nd4 17. Ne2 Nxe2 18. Kxe2 Nc5 19. Rhc1 a5 20. a4 Rde8 21.
Kf1 Rhf8 22. f3 f5 23. Re1 fxe4 24. dxe4 g5 25. h3 h5 26. Kg1 g4 27. hxg4 hxg4
28. Re3 g3 29. Nf1 Rg8 30. Bc4 Nd7 31. f4 Rgf8 32. Nxg3 Rxf4 33. Bd3 Rg8 34.
Rf1 Rfg4 35. Rff3 Ne5 36. Kf2 Nxf3 37. Rxf3 d5 38. exd5 Bxd5 39. Re3 Rf8+ 40.
Kg1 Rxa4 41. c4 Ra1+ 42. Nf1 Bb7 43. Rxe6 Rg8 44. Re2 Kb8 45. Be4 Rf8 46. Bxb7
Raxf1+ 47. Kh2 Kxb7 48. Kh3 Rg8 49. Kh2 Rf4 50. b3 Rgg4 51. Rf2 {suite
illisible} 0-1

[Event "Championnat de France - Open D"]
[Site "NANCY"]
[Date "2013.08.19"]
[Round "7.9"]
[White "Coiffait, Claire-Alix"]
[Black "Courthaudon, Philippe"]
[Result "1/2-1/2"]
[WhiteElo "1436"]
[BlackElo "1499"]
[PlyCount "185"]
[EventDate "2013.??.??"]

1. d4 g6 2. Nf3 Bg7 3. e3 d6 4. Bd3 e6 5. Nbd2 Ne7 6. c3 Nd7 7. Qc2 b6 8. b3
Bb7 9. Bb2 a6 10. h4 h6 11. O-O-O c5 12. dxc5 Nxc5 13. Be2 Qc7 14. c4 Bxb2+ 15.
Qxb2 O-O-O 16. Kb1 Kb8 17. Ka1 a5 18. Rc1 Nc6 19. Rhd1 Ne5 20. Ne1 h5 21. f4
Nc6 22. a3 e5 23. Bf3 exf4 24. exf4 Rhe8 25. Qc3 Ne6 26. Bxc6 Qxc6 27. g3 Rc8
28. Ndf3 Red8 29. a4 Qc5 30. Qb2 Rc7 31. Nd4 Nxd4 32. Rxd4 Qf5 33. Rcd1 Rcd7
34. Qf2 Kc7 35. Ng2 d5 36. Ne3 Qf6 37. Ka2 dxc4 38. Rxc4+ Kb8 39. Rxd7 Rxd7 40.
Nc2 Qd8 41. Rd4 Rxd4 42. Nxd4 Qd5 43. Nb5 Qg2 44. Qxg2 Bxg2 45. Kb2 Bd5 46. Kc3
Kb7 47. Na3 Kc6 48. Nc2 Kc5 49. b4+ axb4+ 50. Nxb4 Be6 51. Nc2 Bd7 52. Kb3 Kd5
53. Kb4 Ke4 54. Na3 Kf3 55. Nc4 Kxg3 56. Nxb6 Bxa4 57. Nxa4 Kxf4 58. Kc4 Kg4
59. Kd4 Kxh4 60. Ke3 Kg3 61. Ke2 Kg2 62. Nc3 f5 63. Nd5 h4 64. Nf4+ Kg3 65.
Nh5+ Kg2 66. Nf4+ Kg3 67. Nh5+ Kg4 68. Nf6+ Kg5 69. Nd5 h3 70. Kf3 f4 71. Kf2
Kg4 72. Nf6+ Kf5 73. Nd5 g5 74. Ne7+ Kg4 75. Nd5 f3 76. Nf6+ Kf5 77. Nh5 h2 78.
Ng3+ Kg4 79. Nh1 Kf4 80. Ng3 g4 81. Nh1 Ke4 82. Ng3+ Kd3 83. Nh1 Ke4 84. Ng3+
Kf4 85. Nh1 Kg5 86. Ng3 Kh4 87. Nh1 Kg5 88. Ng3 Kg6 89. Nh1 Kh6 90. Ng3 Kg5 91.
Nh1 Kh4 92. Ng3 Kh3 93. Nh1 1/2-1/2

[Event "Championnat de France - Open D"]
[Site "NANCY"]
[Date "2013.08.19"]
[Round "7.10"]
[White "Wolfangel, Jocelyne"]
[Black "Dupont, Jonathan"]
[Result "1/2-1/2"]
[WhiteElo "1433"]
[BlackElo "1499"]
[PlyCount "60"]
[EventDate "2013.??.??"]

1. d4 d5 2. Nf3 e6 3. c4 Nf6 4. cxd5 exd5 5. a3 c5 6. e3 Qb6 7. Nc3 cxd4 8.
exd4 Bd6 9. Na4 Qc7 10. Nc3 O-O 11. Be2 Bg4 12. Nb5 Qe7 13. Nxd6 Bxf3 14. gxf3
Qxd6 15. Be3 Nc6 16. b4 Rfe8 17. O-O Re6 18. Qc1 Rae8 19. Bd3 Qe7 20. Bf5 Rxe3
21. fxe3 Qxe3+ 22. Qxe3 Rxe3 23. Kf2 Rc3 24. Rfc1 Rc4 25. Rxc4 dxc4 26. Ke3
Nd5+ 27. Ke4 Nf6+ 28. Ke3 Nd5+ 29. Ke4 Nf6+ 30. Ke3 Nd5+ 1/2-1/2

[Event "Championnat de France - Open D"]
[Site "NANCY"]
[Date "2013.08.20"]
[Round "8.1"]
[White "Bellahcene, Anissa"]
[Black "Mautin, Arthur"]
[Result "1-0"]
[WhiteElo "1470"]
[BlackElo "1468"]
[PlyCount "57"]
[EventDate "2013.??.??"]

1. e4 c6 2. d4 d5 3. Nc3 dxe4 4. Nxe4 Bf5 5. Nc5 Qc7 6. Nf3 e6 7. Nd3 Bd6 8.
Be2 Nf6 9. c4 O-O 10. O-O Nbd7 11. c5 Be7 12. Bf4 Qc8 13. Nde5 Rd8 14. Qb3 Nd5
15. Bg3 N7f6 16. Bd3 Ne4 17. Rae1 Nxg3 18. fxg3 Bxd3 19. Qxd3 f6 20. Nc4 e5 21.
Kh1 Nc7 22. Qb3 Kh8 23. Nd6 Bxd6 24. cxd6 Nb5 25. dxe5 fxe5 26. d7 Rxd7 27.
Nxe5 Rc7 28. Nf7+ Kg8 29. Nd6+ 1-0

[Event "Championnat de France - Open D"]
[Site "NANCY"]
[Date "2013.08.20"]
[Round "8.3"]
[White "Venard, Gautier"]
[Black "Lopez, Charles"]
[Result "0-1"]
[WhiteElo "1381"]
[BlackElo "1428"]
[PlyCount "53"]
[EventDate "2013.??.??"]

1. e4 c6 2. d4 d5 3. Nc3 dxe4 4. f3 exf3 5. Nxf3 Bg4 6. Bc4 e6 7. O-O Nf6 8.
Bg5 Nbd7 9. Qe2 Qc7 10. Rad1 Bd6 11. h3 Bxf3 12. Rxf3 O-O-O 13. Ne4 Be7 14. Rb3
h6 15. Bh4 Nb6 16. Nc3 g5 17. Be1 h5 18. a4 h4 19. a5 Nxc4 20. Qxc4 g4 21. Na4
gxh3 22. Rxh3 Ng4 23. Rdd3 Rd5 24. Rb3 Rxa5 25. Bxa5 Qxa5 26. Rbc3 Qf5 27. Qf1
0-1

[Event "Championnat de France - Open D"]
[Site "NANCY"]
[Date "2013.08.20"]
[Round "8.4"]
[White "Benezra, David"]
[Black "Navrotescu, Vlad-Andrei"]
[Result "0-1"]
[WhiteElo "1440"]
[BlackElo "1383"]
[Annotator "Rivier,Sylvain"]
[PlyCount "37"]
[EventDate "2013.??.??"]

1. e4 c5 2. Nf3 e6 3. d4 cxd4 4. Nxd4 Nf6 5. Nc3 Nc6 6. f3 d5 7. exd5 Nxd5 8.
Nxd5 Qxd5 9. Be3 Qe5 10. Qd2 Bc5 11. O-O-O Nxd4 12. Bxd4 Bxd4 13. Qxd4 Qxd4 14.
Rxd4 e5 15. Bb5+ Ke7 16. Re1 Kf6 17. Rd5 Be6 18. Rdxe5 Rac8 19. Bd3 {suite
illisible} 0-1

[Event "Championnat de France - Open D"]
[Site "NANCY"]
[Date "2013.08.20"]
[Round "8.5"]
[White "Capone, Florian"]
[Black "Adrian, Louise"]
[Result "1/2-1/2"]
[WhiteElo "1467"]
[BlackElo "1376"]
[Annotator "Rivier,Sylvain"]
[PlyCount "75"]
[EventDate "2013.??.??"]

1. e4 e6 2. c4 c6 3. Nc3 Bb4 4. Nf3 Ne7 5. Be2 O-O 6. O-O d5 7. cxd5 Bxc3 8.
dxc3 exd5 9. exd5 Nxd5 10. Qc2 Nf6 11. Bg5 Be6 12. Rfe1 Nbd7 13. Rad1 Qb6 14.
Nd4 Bd5 15. Bf3 Bxf3 16. Nxf3 Rfe8 17. h3 c5 18. b3 Rac8 19. Qf5 Rcd8 20. Rxe8+
Rxe8 21. Rxd7 Nxd7 22. Qxd7 Rf8 23. Be3 Rd8 24. Qe7 Rd1+ 25. Kh2 Qd6+ 26. Qxd6
Rxd6 27. Bxc5 Rd3 28. Bd4 b6 29. Kg3 f6 30. Kf4 Rd1 31. c4 Rc1 32. Ke3 Rc2 33.
a3 Ra2 34. a4 Kf7 35. Ke4 Ke6 36. c5 bxc5 37. Bxc5 a6 38. Nd4+ {suite illisible
} 1/2-1/2

[Event "Championnat de France - Open D"]
[Site "NANCY"]
[Date "2013.08.20"]
[Round "8.7"]
[White "Saint-Sulpice, Xavier"]
[Black "Perrin, Thomas"]
[Result "1/2-1/2"]
[WhiteElo "1460"]
[BlackElo "1352"]
[PlyCount "95"]
[EventDate "2013.??.??"]

1. d4 d5 2. Nf3 e6 3. c4 Nf6 4. Bg5 dxc4 5. e3 Nc6 6. Bxc4 Be7 7. Nc3 h6 8.
Bxf6 gxf6 9. O-O b6 10. d5 Na5 11. Bb5+ Kf8 12. a3 Rg8 13. e4 Bd6 14. Nd4 e5
15. Nc6 Nxc6 16. Bxc6 Rb8 17. Kh1 Ke7 18. Rg1 Qf8 19. Ne2 Bg4 20. Qd3 Rg6 21.
Ng3 Qg7 22. h3 Bc8 23. Qf3 Bc5 24. Nf5+ Bxf5 25. Qxf5 Rd8 26. Rac1 Rg5 27. Qf3
Rg8 28. b4 Bd4 29. Bb5 c5 30. bxc5 Bxc5 31. a4 Qg6 32. Rc4 f5 33. a5 fxe4 34.
Rxe4 Bxf2 35. Qxf2 Qxe4 36. Bc6 Qf5 37. Qh4 Qg6 38. Qf2 Qf6 39. Qe3 Rg3 40. Qd2
Rd8 41. axb6 axb6 42. Qb4+ Rd6 43. Qxb6 Qh4 44. Qb2 Qd4 45. Qb7+ Kf6 46. Rf1+
Kg5 47. Qe7+ Kh5 48. Qxd6 1/2-1/2

[Event "Championnat de France - Open D"]
[Site "NANCY"]
[Date "2013.08.20"]
[Round "8.8"]
[White "Lim, Nicolas"]
[Black "Lasmar, Lyes"]
[Result "1-0"]
[WhiteElo "1380"]
[BlackElo "1459"]
[PlyCount "69"]
[EventDate "2013.??.??"]

1. d4 d5 2. c4 c6 3. Nc3 Nf6 4. Nf3 dxc4 5. Bf4 Nd5 6. Bg3 Bg4 7. e4 Nxc3 8.
bxc3 e6 9. Bxc4 Nd7 10. h3 Bh5 11. O-O Nb6 12. Bd3 Ba3 13. Qb3 Bxf3 14. Qxa3
Bh5 15. Rab1 f6 16. Qb4 Bg6 17. Rfe1 Rb8 18. Bxb8 Qxb8 19. a4 Qf4 20. a5 Nd7
21. Qxb7 Ke7 22. Qxc6 Rd8 23. d5 Bf7 24. Rb7 Qd2 25. Qc5+ Ke8 26. Qe3 Qxc3 27.
Rxa7 Kf8 28. Bb5 Qc8 29. Rc1 Qb8 30. Bxd7 exd5 31. exd5 Qb2 32. Re1 Qb4 33. Bc6
Bxd5 34. Bxd5 Re8 35. Qxe8# 1-0

[Event "Championnat de France - Open D"]
[Site "NANCY"]
[Date "2013.08.20"]
[Round "8.9"]
[White "Ellis, Antoine"]
[Black "Fornes, Paul"]
[Result "1-0"]
[WhiteElo "1290"]
[BlackElo "1443"]
[PlyCount "43"]
[EventDate "2013.??.??"]

1. d4 d5 2. f4 Nf6 3. Nf3 e6 4. e3 c5 5. c3 Nc6 6. Bd3 Bd7 7. O-O Be7 8. Nbd2
Rc8 9. Ne5 O-O 10. Rf3 Ne8 11. Bxh7+ Kxh7 12. Rh3+ Bh4 13. Qh5+ Kg8 14. Rxh4
Qxh4 15. Qxh4 Nxe5 16. fxe5 cxd4 17. exd4 g6 18. Nf3 Ng7 19. Bh6 Nf5 20. Qh3
Rfd8 21. Bg5 Re8 22. Bf6 1-0

[Event "Championnat de France - Open D"]
[Site "NANCY"]
[Date "2013.08.20"]
[Round "8.10"]
[White "Mohit-Rodriguez, Dario"]
[Black "Danelon, Aldo"]
[Result "1-0"]
[WhiteElo "1430"]
[BlackElo "1350"]
[PlyCount "43"]
[EventDate "2013.??.??"]

1. e4 c5 2. Nf3 d6 3. d4 cxd4 4. Nxd4 Nf6 5. Nc3 g6 6. Be3 Bg7 7. f3 O-O 8. Bc4
Bd7 9. Qd2 Nc6 10. g4 Na5 11. Bb3 Re8 12. h4 a6 13. h5 b5 14. a3 Nc6 15. Nxc6
Bxc6 16. Bh6 Bh8 17. hxg6 hxg6 18. Qh2 Qa5 19. Bf8 Kxf8 20. Qxh8+ Ng8 21. Rh7
e6 22. Qg7+ 1-0

[Event "Championnat de France - Open D"]
[Site "NANCY"]
[Date "2013.08.21"]
[Round "9.1"]
[White "Navrotescu, Vlad-Andrei"]
[Black "Bellahcene, Anissa"]
[Result "1-0"]
[WhiteElo "1383"]
[BlackElo "1470"]
[PlyCount "59"]
[EventDate "2013.??.??"]

1. d4 d5 2. c4 e6 3. Nc3 c6 4. Nf3 Nf6 5. Bg5 Be7 6. e3 Nbd7 7. Qc2 a6 8. a3
dxc4 9. Bxc4 b5 10. Ba2 c5 11. O-O Bb7 12. Rad1 Rc8 13. Bxf6 Bxf6 14. Ne4 Qc7
15. dxc5 Bxe4 16. Qxe4 Nxc5 17. Qb4 O-O 18. Nd4 Be5 19. Nf3 Bd6 20. Bb1 Rfd8
21. Qh4 h6 22. Nd4 Be7 23. Qh5 Rd5 24. Qe2 Bd6 25. h3 Qe7 26. e4 Rg5 27. f4 Rg3
28. Qf2 Qh4 29. Kh2 g5 30. Qxg3 1-0

[Event "Championnat de France - Open D"]
[Site "NANCY"]
[Date "2013.08.21"]
[Round "9.2"]
[White "Lopez, Charles"]
[Black "Couve, Mathieu"]
[Result "0-1"]
[WhiteElo "1428"]
[BlackElo "1425"]
[PlyCount "80"]
[EventDate "2013.??.??"]

1. d4 Nf6 2. c4 g6 3. g3 Bg7 4. Bg2 d5 5. Nf3 O-O 6. cxd5 Nxd5 7. O-O Nc6 8.
Nc3 Nb6 9. e3 Bg4 10. h3 Be6 11. b3 Bd5 12. Nxd5 Nxd5 13. Bb2 Rb8 14. Rc1 Nb6
15. Qd2 Qd6 16. Ng5 Rfd8 17. Ne4 Qd7 18. Rc2 Nd5 19. Ba3 e6 20. Rfc1 Rdc8 21.
Bf3 a6 22. Kg2 Nce7 23. Qe1 c6 24. Nd6 Rd8 25. Nc4 f5 26. Bd6 Nc7 27. Qb4 Ned5
28. Bxd5 exd5 29. Ne5 Qxd6 30. Qxd6 Rxd6 31. Nxc6 bxc6 32. Rxc6 Rxc6 33. Rxc6
Rc8 34. Kf3 Kf7 35. Ke2 Ke7 36. Kd3 Kd7 37. Rb6 a5 38. a3 Ra8 39. Kc2 Kc8 40.
Kd3 Ra6 0-1

[Event "Championnat de France - Open D"]
[Site "NANCY"]
[Date "2013.08.21"]
[Round "9.3"]
[White "Mautin, Arthur"]
[Black "Capone, Florian"]
[Result "1-0"]
[WhiteElo "1468"]
[BlackElo "1467"]
[PlyCount "69"]
[EventDate "2013.??.??"]

1. d4 b6 2. c4 Bb7 3. Nc3 g6 4. e4 Bg7 5. Nf3 e6 6. Bd3 Ne7 7. O-O d6 8. Bg5 h6
9. Bh4 Nd7 10. d5 e5 11. Nd2 Nc5 12. Bc2 g5 13. Bg3 h5 14. f3 Ng6 15. b4 Nd7
16. Ne2 Nf4 17. Nb3 h4 18. Bf2 h3 19. g3 Ng2 20. Qd2 Qe7 21. Rac1 Rh6 22. c5
Ba6 23. cxd6 Qxd6 24. g4 Bxe2 25. Qxe2 Qxb4 26. Bd3 Qd6 27. Qb2 a6 28. Rc6 Qb4
29. a3 Qa4 30. Rxc7 Kd8 31. Rfc1 Nf4 32. Bf1 Bf8 33. Qc3 Bc5 34. Nxc5 Nxc5 35.
Qxe5 1-0

[Event "Championnat de France - Open D"]
[Site "NANCY"]
[Date "2013.08.21"]
[Round "9.4"]
[White "Kneib, Bernard"]
[Black "Lim, Nicolas"]
[Result "1/2-1/2"]
[WhiteElo "1486"]
[BlackElo "1380"]
[PlyCount "129"]
[EventDate "2013.??.??"]

1. d4 c5 2. c3 Nf6 3. Nf3 e6 4. e3 b6 5. Bd3 Bb7 6. Nbd2 d5 7. O-O Ne4 8. Bb5+
Nd7 9. Nxe4 dxe4 10. Ne5 Bc8 11. dxc5 Bxc5 12. Bc6 Rb8 13. Nxd7 Bxd7 14. Bxe4
O-O 15. Qc2 f5 16. Bf3 Qc7 17. e4 Bd6 18. g3 Bc6 19. Qe2 Qb7 20. Re1 Bc5 21.
Be3 fxe4 22. Bg4 Bxe3 23. Qxe3 Rf6 24. Red1 Qf7 25. Rd2 Rf8 26. b3 h5 27. Bd1
Rh6 28. Rb1 h4 29. Bg4 Qg6 30. h3 hxg3 31. fxg3 Qf6 32. Rd6 Bd5 33. c4 Qe7 34.
cxd5 Qxd6 35. Bxe6+ Rxe6 36. dxe6 Rf3 37. Qe2 Qxg3+ 38. Qg2 Qxh3 39. Qxh3 Rxh3
40. Rc1 Kf8 41. Rc7 Rh6 42. e7+ Ke8 43. Rxa7 Re6 44. Rb7 g5 45. Kf2 e3+ 46. Ke2
g4 47. Rb8+ Kxe7 48. Rg8 Re4 49. Rg6 b5 50. a3 Kd7 51. Rh6 Ke7 52. Rb6 Re5 53.
a4 bxa4 54. bxa4 Kf7 55. Rb4 Rg5 56. Kxe3 g3 57. Rb1 Kg6 58. Kf3 Kf6 59. Rb6+
Ke7 60. Kg2 Kd7 61. Rb3 Rg4 62. Ra3 Kc7 63. a5 Kb7 64. Rb3+ Ka6 65. Rxg3
1/2-1/2